| 000 | 00356 a2200145 4500 | ||
|---|---|---|---|
| 001 | 169855 | ||
| 020 | _a | ||
| 040 | _cMagnum | ||
| 100 | _aRoman, Jesus Lopez | ||
| 240 | 1 | 0 |
_aTendencias actuales en psicologia de la educacion _lESP |
| 245 | 1 | 0 | _aTendencias actuales en psicologia de la educacion |
| 362 | 0 | _a1899 | |
| 697 | _aPSICOLOGIA | ||
| 942 | _cBK | ||
| 999 |
_c169855 _d169855 |
||